| 000 | 00448nam a2200169Ia 4500 | ||
|---|---|---|---|
| 008 | 230524s9999 xx 000 0 und d | ||
| 020 | _a9780070617681 | ||
| 082 |
_a363.11 _bDES |
||
| 100 | _aL M Deshmukh | ||
| 245 | 0 | _aIndustrial Safety Management: Hazard Identification and Risk Control | |
| 250 | _a6TH | ||
| 260 |
_aNEW DELHI _bTMH _c2010 |
||
| 300 | _aXIX;369 | ||
| 500 | _aQuantity Number: 100 | ||
| 650 | _aEnvironmental | ||
| 942 | _cBK | ||
| 999 |
_c47640 _d47640 |
||